[Event "EU-chT (Women) 22nd"]
[Site "Batumi"]
[Date "2019.11.01"]
[Round "8.4"]
[White "Borisova, Borislava"]
[Black "Koskoska, Gabriela"]
[Result "1/2-1/2"]
[WhiteElo "1919"]
[BlackElo "2036"]
[PlyCount "78"]
[EventDate "2019.10.24"]
[EventType "team-swiss"]
[EventRounds "9"]
[EventCountry "GEO"]
[SourceTitle "CBM 192 Extra"]
[Source "Chessbase"]
[SourceDate "2019.11.06"]
[SourceVersion "1"]
[SourceVersionDate "2019.11.06"]
[SourceQuality "1"]
[WhiteTeam "Sweden (W)"]
[BlackTeam "Macedonia (W)"]
[WhiteTeamCountry "SWE"]
[BlackTeamCountry "MKD"]

1. Nf3 c5 2. c4 Nc6 3. Nc3 g6 4. d4 cxd4 5. Nxd4 Bg7 6. Nc2 Nf6 7. e4 d6 8. Be2 Be6 9. 0-0 Nd7 10. Be3 0-0 11. Nd4 Nc5 12. Nxe6 Nxe6 13. Qd2 Rc8 14. Rac1 Qa5 15. b3 Rfe8 16. Bg4 h5 17. Bh3 Rb8 18. Bxe6 fxe6 19. Bh6 Bf6 20. Be3 Kh7 21. f4 Rg8 22. Rf3 Kg7 23. Bf2 a6 24. c5 Rbd8 25. Qe1 Bd4 26. cxd6 exd6 27. Bxd4+ Nxd4 28. Rd3 Nc6 29. Qf2 Rgf8 30. Qe3 Kh7 31. Rcd1 Qb4 32. h3 Kg7 33. Kh2 Rf7 34. Qg3 Rdf8 35. Ne2 Qxe4 36. Re3 Qf5 37. Rxd6 Re7 38. Qe1 Rfe8 39. Qc3+ Qf6 1/2-1/2

[Event "Hamburg-chT Landesliga 1718"]
[Site "Hamburg"]
[Date "2018.04.22"]
[Round "9.3"]
[White "Groetzbach, Daniel"]
[Black "Borisova, Borislava"]
[Result "0-1"]
[WhiteElo "2074"]
[BlackElo "1954"]
[PlyCount "80"]
[EventDate "2017.10.08"]
[EventType "team-tourn"]
[EventRounds "9"]
[EventCountry "GER"]
[SourceTitle "EXT 2021"]
[Source "ChessBase"]
[SourceDate "2020.10.23"]
[SourceVersion "1"]
[SourceVersionDate "2020.10.23"]
[SourceQuality "1"]
[WhiteTeam "Hamburger SK IV"]
[BlackTeam "Johanneum Eppendorf II"]
[WhiteTeamCountry "GER"]
[BlackTeamCountry "GER"]

1. e4 e6 2. d4 d5 3. Nc3 Bb4 4. e5 Qd7 5. Bd2 Nc6 6. a3 Bf8 7. Nf3 b6 8. b4 Bb7 9. Bd3 h5 10. Ne2 Nh6 11. Bg5 Ne7 12. Nf4 Nhf5 13. c3 g6 14. Bf6 Bg7 15. Qc2 a6 16. Bxg7 Nxg7 17. Ng5 Ngf5 18. 0-0 Kf8 19. a4 Kg7 20. a5 c5 21. Qb2 cxd4 22. cxd4 bxa5 23. bxa5 Bc6 24. Rfc1 Rab8 25. Qc3 Bb5 26. Bxf5 Nxf5 27. Qd2 Rbc8 28. h3 Rc4 29. Rxc4 Bxc4 30. Rb1 Bb5 31. Rc1 Rc8 32. Rc3 Rxc3 33. Qxc3 Bc4 34. g4 hxg4 35. hxg4 Nh6 36. f3 Qe7 37. Qd2 Qa3 38. Qc2 Qe3+ 39. Kg2 Qxf4 40. Nh3 Qxd4 0-1

[Event "Liechtenstein op 29th"]
[Site "Triesen"]
[Date "2011.06.03"]
[Round "8"]
[White "Borisova, Borislava"]
[Black "Proyer, Enno"]
[Result "0-1"]
[WhiteElo "2106"]
[BlackElo "1830"]
[PlyCount "68"]
[EventDate "2011.05.27"]
[EventType "swiss"]
[EventRounds "9"]
[EventCountry "LIE"]
[SourceTitle "CBM 142 Extra"]
[Source "ChessBase"]
[SourceDate "2011.06.27"]
[SourceVersion "1"]
[SourceVersionDate "2011.06.27"]
[SourceQuality "1"]

1. Nf3 Nf6 2. g3 d5 3. d4 e6 4. Bg2 c5 5. 0-0 Nc6 6. c4 dxc4 7. Qa4 Qa5 8. Qxc4 cxd4 9. Nxd4 Nxd4 10. Qxd4 Bc5 11. Qh4 0-0 12. Nc3 Rb8 13. a3 Be7 14. e4 e5 15. Qg5 h6 16. Qe3 Be6 17. Nd5 Bxd5 18. exd5 Bc5 19. Qf3 Qb6 20. h3 Rfd8 21. Qe2 Bd4 22. Rb1 Nxd5 23. Bd2 Rbc8 24. Qe1 Rd7 25. Be4 Rd6 26. Bb4 Nxb4 27. Qxb4 Qxb4 28. axb4 Rf6 29. Kg2 Rb6 30. Rbc1 Rd8 31. Rc7 Rxb4 32. Rxb7 Bb6 33. Rd1 Rxd1 34. Rb8+ Rd8 0-1

[Event "Liechtenstein op 29th"]
[Site "Triesen"]
[Date "2011.06.01"]
[Round "6"]
[White "Borisova, Borislava"]
[Black "Rous, Daniel"]
[Result "1-0"]
[WhiteElo "2106"]
[BlackElo "1929"]
[PlyCount "55"]
[EventDate "2011.05.27"]
[EventType "swiss"]
[EventRounds "9"]
[EventCountry "LIE"]
[SourceTitle "CBM 142 Extra"]
[Source "ChessBase"]
[SourceDate "2011.06.27"]
[SourceVersion "1"]
[SourceVersionDate "2011.06.27"]
[SourceQuality "1"]

1. Nf3 Nf6 2. g3 g6 3. c4 Bg7 4. Bg2 0-0 5. 0-0 d5 6. cxd5 Nxd5 7. d4 Nc6 8. Nc3 Be6 9. e4 Nxc3 10. bxc3 Bc4 11. Re1 e5 12. d5 Ne7 13. Ba3 Re8 14. Nd2 Ba6 15. c4 Nc8 16. c5 h5 17. Qa4 f5 18. Rad1 Kh7 19. Nf3 Bf6 20. exf5 gxf5 21. Bb2 Ne7 22. Nxe5 Bxe5 23. Rxe5 Ng6 24. Rxf5 Qe7 25. h4 Be2 26. Re1 b5 27. Qd4 Rg8 28. Rxe2 1-0

[Event "Liechtenstein op 29th"]
[Site "Triesen"]
[Date "2011.05.30"]
[Round "4"]
[White "Borisova, Borislava"]
[Black "Chetverik, Maxim"]
[Result "0-1"]
[WhiteElo "2106"]
[BlackElo "2305"]
[PlyCount "122"]
[EventDate "2011.05.27"]
[EventType "swiss"]
[EventRounds "9"]
[EventCountry "LIE"]
[SourceTitle "CBM 142 Extra"]
[Source "ChessBase"]
[SourceDate "2011.06.27"]
[SourceVersion "1"]
[SourceVersionDate "2011.06.27"]
[SourceQuality "1"]

1. Nf3 f5 2. g3 Nf6 3. Bg2 e6 4. 0-0 Be7 5. d4 0-0 6. b3 Ne4 7. Bb2 Bf6 8. Nbd2 c5 9. c4 Nc6 10. e3 d5 11. Ne5 cxd4 12. Nxc6 bxc6 13. exd4 Ba6 14. Re1 Qa5 15. Nxe4 fxe4 16. Qc2 Rab8 17. Bc3 Qb6 18. Rad1 Kh8 19. c5 Qc7 20. Qd2 Qe7 21. Qb2 Bg5 22. Bd2 Bxd2 23. Rxd2 Qf6 24. Re3 Bd3 25. Qc3 Qh6 26. Re1 Rb7 27. Rxd3 exd3 28. Qxd3 Rbf7 29. f3 Rf6 30. b4 Rb8 31. a3 Qh5 32. Re5 Qf7 33. f4 h6 34. Qe3 a5 35. Bh3 axb4 36. axb4 Rxb4 37. Bxe6 Qa7 38. Bg4 Qa1+ 39. Kg2 Qxd4 40. Re8+ Kh7 41. Qxd4 Rxd4 42. Bd7 Rc4 43. f5 Rxc5 44. Be6 h5 45. h4 g6 46. Re7+ Kh6 47. Bg8 gxf5 48. Kf3 Rc4 49. Rc7 Rg4 50. Rh7+ Kg6 51. Rc7 Rd6 52. Bf7+ Kh6 53. Be8 Rc4 54. Rf7 d4 55. Rxf5 d3 56. Rxh5+ Kg7 57. Rg5+ Kf8 58. Bh5 d2 59. Rf5+ Kg7 60. Ke3 d1Q 61. Bxd1 Rxd1 0-1

[Event "Wch Seniors (Women) 20th"]
[Site "Arco"]
[Date "2010.11.06"]
[Round "9"]
[White "Fomina, Tatyana"]
[Black "Borisova, Borislava"]
[Result "1-0"]
[WhiteElo "2256"]
[BlackElo "2096"]
[PlyCount "101"]
[EventDate "2010.10.26"]
[EventType "swiss"]
[EventRounds "9"]
[EventCountry "ITA"]
[SourceTitle "EXT 2011"]
[Source "ChessBase"]
[SourceDate "2010.11.26"]
[SourceVersion "1"]
[SourceVersionDate "2010.11.26"]
[SourceQuality "1"]

1. d4 Nf6 2. Nc3 d5 3. Bg5 Nbd7 4. e3 h6 5. Bh4 c6 6. Nf3 g5 7. Bg3 Rg8 8. h4 g4 9. Nd2 Nh5 10. Bf4 Nxf4 11. exf4 Qc7 12. g3 Nf6 13. Bg2 Bf5 14. 0-0 e6 15. a3 Bd6 16. Re1 Kf8 17. Nf1 Kg7 18. Ne3 Kh7 19. Bf1 Rg7 20. Bd3 Ne4 21. Bxe4 dxe4 22. Ng2 Rd8 23. Nxe4 Be7 24. b4 a5 25. c3 axb4 26. axb4 b6 27. Qa4 Rd7 28. Re3 Rg8 29. Ne1 Rgd8 30. Nd3 f6 31. Qb3 Rd5 32. Rae1 R8d7 33. Nb2 Kg7 34. Qc4 c5 35. dxc5 bxc5 36. b5 Qa5 37. Na4 Kf7 38. b6 Qa8 39. Qb3 Qc6 40. c4 Rd4 41. Naxc5 Bxc5 42. Nxc5 Qxc5 43. b7 Rd8 44. b8Q Rxb8 45. Qxb8 Rxc4 46. Rb3 Qc8 47. Rb7+ Kg6 48. Qa7 Be4 49. Rg7+ Kf5 50. Rg5+ fxg5 51. Qf7# 1-0

[Event "Wch Seniors (Women) 20th"]
[Site "Arco"]
[Date "2010.11.05"]
[Round "8"]
[White "Borisova, Borislava"]
[Black "Khmiadashvili, Tamari"]
[Result "1/2-1/2"]
[WhiteElo "2096"]
[BlackElo "2162"]
[PlyCount "128"]
[EventDate "2010.10.26"]
[EventType "swiss"]
[EventRounds "9"]
[EventCountry "ITA"]
[SourceTitle "EXT 2011"]
[Source "ChessBase"]
[SourceDate "2010.11.26"]
[SourceVersion "1"]
[SourceVersionDate "2010.11.26"]
[SourceQuality "1"]

1. Nf3 d5 2. g3 Nf6 3. Bg2 c6 4. 0-0 g6 5. d4 Bg7 6. b3 0-0 7. Bb2 Ne4 8. Qc1 Nd7 9. c4 Re8 10. Nc3 Nxc3 11. Bxc3 Nf8 12. Re1 Bf5 13. Qd2 Be4 14. Rad1 e6 15. Qb2 g5 16. Nd2 Bxg2 17. Kxg2 f5 18. f3 Qf6 19. Nf1 Ng6 20. e3 h5 21. Qf2 Rf8 22. Bb4 Rf7 23. Bd6 Bf8 24. Bxf8 Raxf8 25. f4 h4 26. Nd2 Rg7 27. Kf1 g4 28. Ke2 Rh7 29. Rh1 Kf7 30. Rhg1 Rfh8 31. Rg2 Qd8 32. Rc1 Qa5 33. Rc2 Kf6 34. Qe1 Qb6 35. Nf1 a5 36. Qc3 Qb4 37. a4 Qb6 38. c5 Qa6+ 39. Qd3 hxg3 40. Qxa6 bxa6 41. hxg3 Rb7 42. Rc3 Ne7 43. Rh2 Rxh2+ 44. Nxh2 Ng8 45. Nf1 Kg6 46. Kf2 Nf6 47. Nd2 Nd7 48. Kg2 Nf8 49. Rc1 e5 50. fxe5 Ne6 51. Re1 Ng5 52. Rb1 Rb8 53. Rb2 Ne6 54. Rb1 Rb4 55. Re1 Ng7 56. Rc1 Rb8 57. Rc3 Rh8 58. Rc1 f4 59. gxf4 Nf5 60. Nf1 Rh3 61. Kf2 Kf7 62. Rb1 Rh8 63. Kg2 Ke6 64. Re1 g3 1/2-1/2

[Event "EU-Cup (Women) 09th"]
[Site "Izmir"]
[Date "2004.10.04"]
[Round "2.3"]
[White "Dushenok, Anna"]
[Black "Borisova, Borislava"]
[Result "1-0"]
[WhiteElo "2238"]
[BlackElo "2148"]
[PlyCount "119"]
[EventDate "2004.10.03"]
[EventType "team-swiss"]
[EventRounds "7"]
[EventCountry "TUR"]
[SourceTitle "EXT 2013"]
[Source "ChessBase"]
[SourceDate "2012.11.22"]
[SourceVersion "1"]
[SourceVersionDate "2012.11.22"]
[SourceQuality "1"]
[WhiteTeam "St Petersburg Chigorin (W)"]
[BlackTeam "Stockholm Kristallen (W)"]
[WhiteTeamCountry "RUS"]
[BlackTeamCountry "SWE"]

1. d4 Nf6 2. c4 e6 3. Nf3 Bb4+ 4. Nbd2 c5 5. a3 Bxd2+ 6. Bxd2 cxd4 7. Nxd4 0-0 8. g3 e5 9. Nb5 Nc6 10. Bg2 d5 11. cxd5 Nxd5 12. 0-0 Be6 13. Nc3 Rc8 14. Ne4 Bg4 15. h3 Bh5 16. g4 Bg6 17. Bg5 Nce7 18. Qb3 Nf4 19. Bxf4 exf4 20. Qxb7 Rc7 21. Qb3 Qd4 22. Rad1 Qe5 23. Nc3 Kh8 24. Qb4 Rfc8 25. Qd4 Nc6 26. Bxc6 Qxd4 27. Rxd4 Rxc6 28. Rfd1 h6 29. Rxf4 Rb8 30. Rd2 Rbb6 31. Na4 Rb3 32. f3 Rc8 33. Rfd4 Rc1+ 34. Kf2 Rc6 35. e4 Rf6 36. Nc3 Rfb6 37. Nd5 Re6 38. Rb4 Rxb4 39. Nxb4 f6 40. Rd7 a5 41. Nd5 Rc6 42. Rc7 Rd6 43. b4 axb4 44. axb4 f5 45. Nf4 fxe4 46. Nxg6+ Rxg6 47. fxe4 Rb6 48. Rc4 Rb5 49. Ke3 Kg8 50. Kd3 Kf7 51. Rd4 Ke6 52. Kc4 Rb8 53. Rd5 Ra8 54. b5 Ra4+ 55. Kc5 Rxe4 56. b6 Re1 57. Kc6 Rb1 58. Rb5 Rc1+ 59. Rc5 Rb1 60. b7 1-0

[Event "EU-Cup (Women) 08th"]
[Site "Rethymno"]
[Date "2003.09.29"]
[Round "2.3"]
[White "Borisova, Borislava"]
[Black "Javakhishvili, Lela"]
[Result "1/2-1/2"]
[WhiteElo "2160"]
[BlackElo "2393"]
[PlyCount "100"]
[EventDate "2003.09.28"]
[EventType "team-swiss"]
[EventRounds "7"]
[EventCountry "GRE"]
[SourceTitle "EXT 2013"]
[Source "ChessBase"]
[SourceDate "2012.11.22"]
[SourceVersion "1"]
[SourceVersionDate "2012.11.22"]
[SourceQuality "1"]
[WhiteTeam "Stockholm Kristallen (W)"]
[BlackTeam "Tbilisi NTN (W)"]
[WhiteTeamCountry "SWE"]
[BlackTeamCountry "GEO"]

1. Nf3 Nf6 2. g3 b5 3. Bg2 Bb7 4. 0-0 e6 5. b3 c5 6. Bb2 Be7 7. d3 d5 8. Nbd2 0-0 9. e3 Nc6 10. a3 Qb6 11. Rb1 Rfd8 12. Qe2 d4 13. e4 Qc7 14. Bc1 Rac8 15. h3 Ba6 16. Ne1 c4 17. b4 cxd3 18. cxd3 Bb7 19. Nb3 a5 20. bxa5 Nxa5 21. Bd2 Nxb3 22. Rxb3 Ra8 23. Rxb5 Rxa3 24. Bf4 Qd7 25. Qb2 Ba6 26. Rb3 Rxb3 27. Qxb3 Qb5 28. Qa2 Nd7 29. Nc2 e5 30. Bd2 Qxd3 31. Bb4 Bc4 32. Qa5 Qxc2 33. Bxe7 Rc8 34. Ra1 h6 35. Ba3 d3 36. Bb4 Rb8 37. Bf3 Kh7 38. Bd1 Qb2 39. Bc3 Qb7 40. Bxe5 Re8 41. Bc3 Qxe4 42. Ra4 Rb8 43. Rb4 Rxb4 44. Qxb4 Qc6 45. Ba4 Qd5 46. Bxd7 d2 47. Bxd2 Qxd7 48. Qxc4 Qxd2 49. Qe4+ g6 50. Kg2 h5 1/2-1/2

[Event "Stockholm Kristallen KM op"]
[Site "Stockholm"]
[Date "1995.??.??"]
[Round "?"]
[White "Furhoff, Johan"]
[Black "Borisova, Borislava"]
[Result "1-0"]
[WhiteElo "2345"]
[BlackElo "2150"]
[PlyCount "87"]
[EventDate "1995.??.??"]
[EventType "swiss"]
[EventRounds "9"]
[EventCountry "SWE"]
[SourceTitle "EXT 2004"]
[Source "ChessBase"]
[SourceDate "2003.11.25"]
[SourceVersion "1"]
[SourceVersionDate "2003.11.25"]
[SourceQuality "1"]

1. e4 e6 2. d4 d5 3. Nd2 Nf6 4. e5 Nfd7 5. Ngf3 c5 6. c4 Nb6 7. cxd5 Nxd5 8. Bc4 Nb6 9. 0-0 cxd4 10. Bb5+ Nc6 11. Ne4 Bd7 12. Bg5 Qb8 13. Bxc6 Bxc6 14. Qxd4 Nd5 15. Rac1 a6 16. Rfd1 Qa7 17. Qxa7 Rxa7 18. Nd4 Bd7 19. Nf5 Bc6 20. Nd4 Bd7 21. Nc3 Be7 22. Bxe7 Nxe7 23. Ne4 Nd5 24. Nd6+ Ke7 25. N4f5+ exf5 26. Rxd5 b5 27. f4 h6 28. Kf2 g5 29. g4 fxg4 30. f5 h5 31. Rcd1 Bc6 32. Rc5 Bf3 33. Rdc1 Rd7 34. Rc7 Bd5 35. Nc8+ Rxc8 36. Rxc8 Be4 37. R1c7 Bxf5 38. Ke3 h4 39. Rxd7+ Bxd7 40. Rg8 g3 41. hxg3 h3 42. Rxg5 Ke6 43. Rh5 h2 44. Kd4 1-0

[Event "Olympiad Women-31"]
[Site "Moscow"]
[Date "1994.12.15"]
[Round "13"]
[White "Borisova, Borislava"]
[Black "Flear, Christine"]
[Result "1/2-1/2"]
[WhiteElo "2155"]
[BlackElo "2175"]
[PlyCount "123"]
[EventDate "1994.12.01"]
[EventType "team-swiss"]
[EventRounds "14"]
[EventCountry "RUS"]
[SourceTitle "EXT 2019"]
[Source "ChessBase"]
[SourceDate "2018.10.10"]
[SourceVersion "1"]
[SourceVersionDate "2018.10.10"]
[SourceQuality "1"]
[WhiteTeam "Sweden (W)"]
[BlackTeam "France (W)"]
[WhiteTeamCountry "SWE"]
[BlackTeamCountry "FRA"]

1. Nf3 d5 2. c4 d4 3. b4 f6 4. Bb2 e5 5. e3 dxe3 6. fxe3 Bxb4 7. Qa4+ Nc6 8. a3 Be7 9. d4 exd4 10. exd4 Bd7 11. Qb3 Nh6 12. c5 Na5 13. Qc3 c6 14. Bd3 Be6 15. Nbd2 0-0 16. 0-0 b6 17. Rae1 Bf5 18. Bxf5 Nxf5 19. Nb3 Rf7 20. cxb6 Nxb3 21. Qxb3 Qd5 22. Qxd5 cxd5 23. Re6 axb6 24. Rxb6 Ne3 25. Rc1 Nc4 26. Rb5 Nxb2 27. Rxb2 Bxa3 28. Ra1 Bxb2 29. Rxa8+ Rf8 30. Ra5 Rd8 31. Rb5 Ba3 32. Ne1 Rd7 33. Nd3 g5 34. Kf2 Kf7 35. Kf3 h5 36. h3 Ke6 37. Rb6+ Kf7 38. Rb5 h4 39. g3 hxg3 40. Kxg3 Bd6+ 41. Kg4 Rc7 42. Kf5 Rc3 43. Rxd5 Rxd3 44. Rxd6 Rf3+ 45. Kg4 Rf4+ 46. Kg3 Ke7 47. Rd5 Ke6 48. Rd8 Kf5 49. Rd5+ Ke4 50. Rd6 Ke3 51. Re6+ Kxd4 52. h4 Rxh4 53. Rxf6 Ke5 54. Rf8 Rh1 55. Kg4 Rg1+ 56. Kh3 Ke4 57. Re8+ Kf5 58. Rf8+ Kg6 59. Rg8+ Kf7 60. Ra8 Re1 61. Kg4 Rg1+ 62. Kh3 1/2-1/2

[Event "Olympiad Women-31"]
[Site "Moscow"]
[Date "1994.12.13"]
[Round "12"]
[White "Borisova, Borislava"]
[Black "Parfenova, Olga"]
[Result "1/2-1/2"]
[WhiteElo "2155"]
[BlackElo "2160"]
[PlyCount "127"]
[EventDate "1994.12.01"]
[EventType "team-swiss"]
[EventRounds "14"]
[EventCountry "RUS"]
[SourceTitle "EXT 2019"]
[Source "ChessBase"]
[SourceDate "2018.10.10"]
[SourceVersion "1"]
[SourceVersionDate "2018.10.10"]
[SourceQuality "1"]
[WhiteTeam "Sweden (W)"]
[BlackTeam "Uzbekistan (W)"]
[WhiteTeamCountry "SWE"]
[BlackTeamCountry "UZB"]

1. Nf3 c5 2. g3 Nc6 3. Bg2 g6 4. c4 Bg7 5. Nc3 e5 6. d3 Nge7 7. 0-0 0-0 8. Rb1 f5 9. Be3 d6 10. Qc1 Nd4 11. Bg5 Ne6 12. Nd5 Nxg5 13. Nxg5 h6 14. Nxe7+ Qxe7 15. Bd5+ Kh8 16. Nf3 g5 17. b4 Rb8 18. bxc5 dxc5 19. Qa3 b6 20. Rb3 f4 21. Nd2 Bh3 22. Rfb1 Qd7 23. Ne4 Rbe8 24. Qa6 Re7 25. Qb5 Qf5 26. Qc6 f3 27. e3 Bg2 28. Nd2 Rf6 29. Qa8+ Rf8 30. Be4 Qh3 31. Qc6 g4 32. Qg6 Bf6 33. Qf5 Rg7 34. Bxf3 gxf3 35. Qxh3 Bxh3 36. Nxf3 Rgf7 37. Nd2 Rd8 38. f3 Be6 39. Kf2 Rfd7 40. Ke2 Bf5 41. e4 Bh7 42. Nf1 h5 43. Ne3 Rg8 44. Nd5 Bg5 45. a4 Rf7 46. a5 bxa5 47. Rb5 Rgf8 48. Rf1 Rc8 49. Rxa5 Rb7 50. f4 exf4 51. gxf4 Bd8 52. Ra2 Rcb8 53. Ke3 Kg7 54. Rg1+ Kf7 55. Rgg2 a5 56. f5 a4 57. Kf4 a3 58. e5 Rb1 59. e6+ Kf8 60. f6 Rg1 61. e7+ Bxe7 62. fxe7+ Kf7 63. Rxg1 Bxd3 64. Re1 1/2-1/2

[Event "Olympiad Women-31"]
[Site "Moscow"]
[Date "1994.12.05"]
[Round "5"]
[White "Borisova, Borislava"]
[Black "Zsiltzova Lisenko, Lubov"]
[Result "0-1"]
[WhiteElo "2155"]
[BlackElo "2200"]
[PlyCount "69"]
[EventDate "1994.12.01"]
[EventType "team-swiss"]
[EventRounds "14"]
[EventCountry "RUS"]
[SourceTitle "EXT 2019"]
[Source "ChessBase"]
[SourceDate "2018.10.10"]
[SourceVersion "1"]
[SourceVersionDate "2018.10.10"]
[SourceQuality "1"]
[WhiteTeam "Sweden (W)"]
[BlackTeam "IBCA (W)"]
[WhiteTeamCountry "SWE"]

1. Nf3 c5 2. c4 Nc6 3. g3 g6 4. Bg2 Bg7 5. Nc3 Nf6 6. 0-0 0-0 7. d4 cxd4 8. Nxd4 Nxd4 9. Qxd4 d6 10. Qd3 Qa5 11. Bd2 Qh5 12. h4 h6 13. Nd5 Nxd5 14. Qxd5 Qxd5 15. Bxd5 Rb8 16. Rac1 Bxb2 17. Bxh6 Re8 18. Rb1 Bd4 19. Kg2 Bb6 20. Rh1 Be6 21. h5 Bxd5+ 22. cxd5 Rbc8 23. hxg6 fxg6 24. Rbc1 Rc5 25. Rxc5 Bxc5 26. Rh4 b5 27. Bc1 Rf8 28. f3 Rf7 29. Rg4 Kh7 30. Bb2 Rf5 31. e4 Rh5 32. Bc3 b4 33. Bd2 Kg7 34. Bg5 Kf7 35. Bc1 0-1

[Event "Olympiad Women-31"]
[Site "Moscow"]
[Date "1994.12.03"]
[Round "3"]
[White "Borisova, Borislava"]
[Black "Oney, Fatmanur"]
[Result "1-0"]
[WhiteElo "2155"]
[BlackElo "2005"]
[PlyCount "160"]
[EventDate "1994.12.01"]
[EventType "team-swiss"]
[EventRounds "14"]
[EventCountry "RUS"]
[SourceTitle "EXT 2019"]
[Source "ChessBase"]
[SourceDate "2018.10.10"]
[SourceVersion "1"]
[SourceVersionDate "2018.10.10"]
[SourceQuality "1"]
[WhiteTeam "Sweden (W)"]
[BlackTeam "Turkey (W)"]
[WhiteTeamCountry "SWE"]
[BlackTeamCountry "TUR"]

1. Nf3 d5 2. g3 g6 3. Bg2 Bg7 4. d4 Nf6 5. c4 c6 6. cxd5 cxd5 7. Qb3 Nc6 8. Nc3 0-0 9. 0-0 Qb6 10. Qxb6 axb6 11. Bf4 Bf5 12. e3 Rfc8 13. h3 h6 14. g4 Bd3 15. Rfd1 Bc2 16. Rd2 Bb3 17. Ne1 Nb4 18. a3 Nc6 19. Nd3 e6 20. Nc1 Na5 21. Rb1 Rc4 22. Bf1 Rcc8 23. Bd3 Bf8 24. Nxb3 Nxb3 25. Rc2 Rc6 26. Bb5 Rcc8 27. Bd3 Ne8 28. Nb5 Rxc2 29. Bxc2 Nd2 30. Rd1 Nc4 31. Rb1 Nd2 32. Rd1 Nc4 33. Rb1 Nd2 34. Ra1 Nc4 35. Rb1 Nd2 36. Ra1 Nc4 37. Ra2 Ned6 38. Nxd6 Bxd6 39. Bxd6 Nxd6 40. b3 Rc8 41. Kf1 Kg7 42. Ke1 b5 43. Kd2 Kf6 44. f4 Ke7 45. Ra1 Rg8 46. Bd3 h5 47. g5 Rc8 48. h4 Ra8 49. Kc3 Rc8+ 50. Kb4 Rc7 51. Re1 Rc8 52. Bxb5 Nf5 53. Bd3 Nxh4 54. a4 Nf3 55. Rd1 Nh4 56. e4 dxe4 57. Bxe4 Nf5 58. Bxf5 exf5 59. Kb5 Rc6 60. d5 Ra6 61. b4 Kd7 62. a5 Kd6 63. Rd2 Kc7 64. Kc5 Kd7 65. Re2 f6 66. gxf6 Rxf6 67. b5 Rd6 68. b6 Rf6 69. a6 bxa6 70. Ra2 Rf8 71. Rxa6 Rc8+ 72. Kd4 Rb8 73. Ke5 h4 74. Ra7+ Kd8 75. Rh7 Rxb6 76. Rxh4 Ra6 77. Rh7 Ra4 78. Rg7 Ra6 79. d6 Ra4 80. Rxg6 Ra6 1-0

[Event "Stockholm Kristallen op"]
[Site "Stockholm"]
[Date "1994.??.??"]
[Round "6"]
[White "Borisova, Borislava"]
[Black "Persson, Hakon"]
[Result "1/2-1/2"]
[WhiteElo "2155"]
[BlackElo "2215"]
[PlyCount "85"]
[EventDate "1994.??.??"]
[EventType "swiss"]
[EventRounds "9"]
[EventCountry "SWE"]
[SourceTitle "EXT 2006"]
[Source "ChessBase"]
[SourceDate "2005.11.24"]
[SourceVersion "1"]
[SourceVersionDate "2005.11.24"]
[SourceQuality "1"]

1. Nf3 d6 2. d4 c6 3. g3 Qc7 4. Bg2 e5 5. 0-0 Be7 6. c4 Nd7 7. Nc3 Ngf6 8. Qc2 0-0 9. h3 Rd8 10. Be3 Nf8 11. Rac1 Be6 12. Na4 Qc8 13. dxe5 dxe5 14. Kh2 Bf5 15. Qc3 N6d7 16. c5 Be6 17. Nxe5 Nxe5 18. Qxe5 Bf6 19. Qe4 Bxa2 20. Nc3 Bb3 21. Qb4 Be6 22. Ne4 Be5 23. Nd6 Qc7 24. Rfd1 a5 25. Qe4 Ng6 26. f4 Bxd6 27. cxd6 Rxd6 28. f5 Rxd1 29. Rxd1 Bb3 30. Rd2 Nf8 31. Bd4 f6 32. Bc5 Bd5 33. Qd4 Bxg2 34. Kxg2 Qf7 35. e4 Re8 36. g4 Qc7 37. Bd6 Qd7 38. Kf3 Rd8 39. Qc4+ Qf7 40. b3 Nd7 41. Qxf7+ Kxf7 42. Bc7 Ne5+ 43. Ke3 1/2-1/2

[Event "Stockholm Kristallen"]
[Site "Stockholm"]
[Date "1994.??.??"]
[Round "?"]
[White "Johansson, Thomas"]
[Black "Borisova, Borislava"]
[Result "1/2-1/2"]
[WhiteElo "2100"]
[BlackElo "2155"]
[PlyCount "143"]
[EventDate "1994.??.??"]
[EventType "tourn"]
[EventRounds "9"]
[EventCountry "SWE"]
[SourceTitle "EXT 2006"]
[Source "ChessBase"]
[SourceDate "2005.11.24"]
[SourceVersion "1"]
[SourceVersionDate "2005.11.24"]
[SourceQuality "1"]

1. Nf3 Nf6 2. g3 Nc6 3. Bg2 e5 4. d3 d5 5. 0-0 Be7 6. c4 dxc4 7. Qa4 0-0 8. Qxc4 Be6 9. Qc2 h6 10. Nc3 Nd4 11. Nxd4 exd4 12. Ne4 c6 13. Nc5 Bd5 14. Bxd5 Qxd5 15. Nb3 Rad8 16. Nd2 Ng4 17. Nf3 Ne5 18. Nxe5 Qxe5 19. Bf4 Qf5 20. Rac1 h5 21. Qb3 Rd7 22. Rcd1 h4 23. Kg2 Rfd8 24. Qc2 Rd5 25. h3 Rc5 26. Qd2 g5 27. b4 Rb5 28. e4 dxe3 29. Bxe3 Qd5+ 30. Kh2 Rxb4 31. Rg1 hxg3+ 32. fxg3 Ra4 33. Rg2 Ra3 34. d4 Rd6 35. Re1 Re6 36. Rge2 Qf3 37. Rf2 Qe4 38. Rfe2 Qd3 39. Qxd3 Rxd3 40. Bf2 Rxe2 41. Rxe2 Bf6 42. d5 cxd5 43. Bxa7 d4 44. Kg2 Ra3 45. Bc5 Rc3 46. Bb4 Rc4 47. a3 Rc6 48. Kf3 Kg7 49. Ke4 Re6+ 50. Kd3 Rxe2 51. Kxe2 Be5 52. g4 f5 53. Kd3 Kf6 54. Bc5 Ke6 55. gxf5+ Kxf5 56. Bxd4 Bxd4 57. Kxd4 Kf4 58. Kc5 Kg3 59. Kb6 Kxh3 60. Kxb7 g4 61. a4 g3 62. a5 g2 63. a6 g1Q 64. a7 Qg7+ 65. Kb8 Qf8+ 66. Kb7 Qe7+ 67. Kb8 Qb4+ 68. Ka8 Qc5 69. Kb7 Qb5+ 70. Ka8 Qa6 71. Kb8 Qb6+ 72. Ka8 1/2-1/2

[Event "Zalakaros op 12th"]
[Site "Zalakaros"]
[Date "1993.??.??"]
[Round "8"]
[White "Borisova, Borislava"]
[Black "Meszaros, Attila"]
[Result "1-0"]
[WhiteElo "2155"]
[BlackElo "2350"]
[PlyCount "69"]
[EventDate "1993.??.??"]
[EventType "swiss"]
[EventRounds "9"]
[EventCountry "HUN"]
[SourceTitle "EXT 2000"]
[Source "ChessBase"]
[SourceDate "1999.11.16"]
[SourceVersion "1"]
[SourceVersionDate "1999.11.16"]
[SourceQuality "1"]

1. c4 c5 2. Nc3 Nc6 3. g3 g6 4. Bg2 Bg7 5. Nf3 e6 6. 0-0 Nge7 7. a3 0-0 8. Rb1 a5 9. e3 d5 10. b3 Rb8 11. Nb5 e5 12. cxd5 Nxd5 13. Bb2 Bf5 14. d3 e4 15. Nh4 Bxb2 16. Rxb2 Nf6 17. Nxf5 gxf5 18. dxe4 Qxd1 19. Rxd1 fxe4 20. Nd6 Rfd8 21. Rbd2 b6 22. Nxe4 Nxe4 23. Bxe4 Rxd2 24. Rxd2 Rd8 25. Rxd8+ Nxd8 26. Bd5 Ne6 27. Bxe6 fxe6 28. a4 Kf7 29. Kf1 Kf6 30. Ke2 Kf5 31. f3 h5 32. Kd3 e5 33. e4+ Kg5 34. Kc4 h4 35. Kb5 1-0